000 00399nam a2200157Ia 4500
008 230711s9999||||xx |||||||||||||| ||und||
041 _aENG
082 _a624
_bBU-I
100 _aBureau of Indian Standard
245 0 _aIS : 1553 1989
_bDesign of library building
250 _a2nd
260 _c1989
_aNew Delhi
_bBureau of Indian Standard
300 _a10
650 _aArchitecture
942 _cBK
999 _c1499
_d1499